[Event "Catalunya-ch U18"]
[Site "Girona"]
[Date "2017.01.17"]
[Round "2.1"]
[White "Vinolas Anglada, Judit"]
[Black "Olivas Montoya, Albert"]
[Result "0-1"]
[WhiteElo "1684"]
[BlackElo "1981"]
[PlyCount "72"]
[EventDate "2017.01.17"]
[EventType "swiss"]
[EventRounds "7"]
[EventCountry "ESP"]
[SourceTitle "EXT 2024"]
[Source "ChessBase"]
[SourceDate "2023.10.10"]
[SourceVersion "1"]
[SourceVersionDate "2023.10.10"]
[SourceQuality "1"]

1. e4 e6 2. d4 d5 3. Nc3 Bb4 4. e5 c5 5. Nf3 Nc6 6. Be3 Qc7 7. a3 cxd4 8. Nxd4 Bxc3+ 9. bxc3 Nxe5 10. Qd2 Nc4 11. Bxc4 Qxc4 12. Qd3 Bd7 13. Rb1 b6 14. Rb4 Qxd3 15. cxd3 Rc8 16. Bd2 Ne7 17. Nf3 0-0 18. 0-0 Nc6 19. Rg4 e5 20. Rg3 f5 21. Re1 e4 22. dxe4 fxe4 23. Nh4 Ne5 24. f4 Nc4 25. Bc1 Rf6 26. Rf1 Rh6 27. f5 Rxh4 28. Bg5 Rh5 29. Bf6 g6 30. fxg6 h6 31. g7 Rf5 32. Rg6 Rxf1+ 33. Kxf1 Kh7 34. Rg3 Rg8 35. Bd4 Nd6 36. Ke2 Nf5 0-1

[Event "Mataro Maresme op-A 13th"]
[Site "Mataro"]
[Date "2016.10.29"]
[Round "4"]
[White "Olivas Montoya, Albert"]
[Black "Moreno Oller, Victor"]
[Result "1/2-1/2"]
[WhiteElo "1846"]
[BlackElo "1593"]
[PlyCount "69"]
[EventDate "2016.10.08"]
[EventType "swiss"]
[EventRounds "9"]
[EventCountry "ESP"]
[SourceTitle "EXT 2018"]
[Source "ChessBase"]
[SourceDate "2017.10.13"]
[SourceVersion "1"]
[SourceVersionDate "2017.10.13"]
[SourceQuality "1"]

1. d4 Nf6 2. c4 g6 3. Nc3 Bg7 4. e4 d6 5. Nf3 0-0 6. Be2 Nbd7 7. 0-0 e5 8. d5 h6 9. b4 a5 10. Rb1 axb4 11. Rxb4 Nc5 12. Qc2 Nfd7 13. g4 Nb6 14. h3 f5 15. gxf5 gxf5 16. Kh2 fxe4 17. Nxe4 Bf5 18. Bd3 Nxd3 19. Qxd3 Rxa2 20. Qe3 Bxe4 21. Qxe4 Qf6 22. Kg2 Nd7 23. Be3 Ra3 24. Nh2 b6 25. Ng4 Qf5 26. Nxh6+ Bxh6 27. Qxf5 Rxf5 28. Bxh6 Rh5 29. Be3 Rh4 30. Kg3 Rh7 31. Kh2 Nc5 32. Rg1+ Kf7 33. Rg3 Ne4 34. Rf3+ Ke8 35. Kg2 1/2-1/2

[Event "Mataro Maresme op-A 13th"]
[Site "Mataro"]
[Date "2016.10.22"]
[Round "3"]
[White "Rosich Valles, Alfredo"]
[Black "Olivas Montoya, Albert"]
[Result "1-0"]
[WhiteElo "2384"]
[BlackElo "1846"]
[PlyCount "93"]
[EventDate "2016.10.08"]
[EventType "swiss"]
[EventRounds "9"]
[EventCountry "ESP"]
[SourceTitle "EXT 2018"]
[Source "ChessBase"]
[SourceDate "2017.10.13"]
[SourceVersion "1"]
[SourceVersionDate "2017.10.13"]
[SourceQuality "1"]

1. e4 c5 2. Nf3 d6 3. d4 cxd4 4. Nxd4 Nf6 5. f3 e5 6. Nb3 Be7 7. c4 0-0 8. Nc3 Be6 9. Be3 a6 10. Be2 Qc7 11. Rc1 Nbd7 12. 0-0 Rac8 13. Qd2 Rfd8 14. Rfd1 Qb8 15. Nd5 Bxd5 16. cxd5 Rxc1 17. Rxc1 Rc8 18. Rc2 Bd8 19. Qc1 Rxc2 20. Qxc2 Qc7 21. Qxc7 Bxc7 22. Kf2 Kf8 23. Ke1 Ke7 24. Kd2 Kd8 25. Kc3 Bb6 26. Bxb6+ Nxb6 27. Kb4 Kc7 28. a4 Nc8 29. a5 g5 30. Nd2 Nh5 31. Nc4 h6 32. Ne3 Ne7 33. Kc3 Nf6 34. b4 Nd7 35. Bf1 Kd8 36. g3 Kc7 37. Bh3 Kd8 38. Kc4 Kc7 39. Bg4 Nf6 40. Bh3 Nd7 41. b5 Nc5 42. b6+ Kd8 43. Ng4 Ng8 44. Nxe5 Nxe4 45. Nxf7+ Ke7 46. fxe4 Kxf7 47. Bc8 1-0

[Event "Mataro Maresme op-A 13th"]
[Site "Mataro"]
[Date "2016.10.08"]
[Round "1"]
[White "Olivas Montoya, Albert"]
[Black "Maza Navarro, Llorens"]
[Result "1/2-1/2"]
[WhiteElo "1846"]
[BlackElo "1551"]
[PlyCount "39"]
[EventDate "2016.10.08"]
[EventType "swiss"]
[EventRounds "9"]
[EventCountry "ESP"]
[SourceTitle "EXT 2018"]
[Source "ChessBase"]
[SourceDate "2017.10.13"]
[SourceVersion "1"]
[SourceVersionDate "2017.10.13"]
[SourceQuality "1"]

1. e4 d5 2. exd5 Qxd5 3. Nc3 Qa5 4. d4 e5 5. Qh5 Nc6 6. Bb5 Bd7 7. Bxc6 Bxc6 8. d5 Bxd5 9. Qxe5+ Ne7 10. Bd2 0-0-0 11. Nf3 f6 12. Nxd5 Qxd5 13. Qxd5 Nxd5 14. a3 Re8+ 15. Kd1 Bc5 16. Rf1 g5 17. b4 Bd6 18. g3 g4 19. Nd4 Be5 20. c3 1/2-1/2

[Event "Can Ninetes op 11th"]
[Site "Can Ninetes"]
[Date "2016.08.01"]
[Round "8"]
[White "Gallego Montes, Antonio"]
[Black "Olivas Montoya, Albert"]
[Result "1/2-1/2"]
[WhiteElo "1967"]
[BlackElo "1777"]
[PlyCount "32"]
[EventDate "2016.08.01"]
[EventType "swiss"]
[EventRounds "9"]
[EventCountry "ESP"]
[SourceTitle "CBM 173 Extra"]
[Source "ChessBase"]
[SourceDate "2016.08.29"]
[SourceVersion "1"]
[SourceVersionDate "2016.08.29"]
[SourceQuality "1"]

1. e4 e6 2. Qe2 g6 3. d4 d6 4. Nf3 Bg7 5. Bg5 Ne7 6. Nc3 b6 7. 0-0-0 Bb7 8. Qd2 h6 9. Be3 Nd7 10. Be2 a6 11. h4 b5 12. d5 e5 13. a3 Nf6 14. Nh2 Bc8 15. f4 Nd7 16. Nf3 f6 1/2-1/2

[Event "Can Ninetes op 11th"]
[Site "Can Ninetes"]
[Date "2016.08.01"]
[Round "3"]
[White "Olivas Montoya, Albert"]
[Black "Esteve Ferrer, Pau"]
[Result "1/2-1/2"]
[WhiteElo "1777"]
[BlackElo "1547"]
[PlyCount "60"]
[EventDate "2016.08.01"]
[EventType "swiss"]
[EventRounds "9"]
[EventCountry "ESP"]
[SourceTitle "CBM 173 Extra"]
[Source "ChessBase"]
[SourceDate "2016.08.29"]
[SourceVersion "1"]
[SourceVersionDate "2016.08.29"]
[SourceQuality "1"]

1. e4 c6 2. d4 d5 3. Nc3 dxe4 4. Nxe4 Bf5 5. Ng3 Bg6 6. Nf3 Nd7 7. Bd3 Bxd3 8. Qxd3 e6 9. 0-0 Bd6 10. Re1 Ne7 11. c4 0-0 12. Ng5 Ng6 13. Qe2 Nf6 14. N3e4 Nxe4 15. Qxe4 Qc7 16. h4 Rfe8 17. h5 Nf8 18. Bd2 Be7 19. Qf3 Bf6 20. Re4 h6 21. Nh3 c5 22. Rg4 Kh7 23. Bc3 cxd4 24. Bxd4 Bxd4 25. Rxd4 Rad8 26. Rad1 Rxd4 27. Rxd4 e5 28. Qe4+ Kg8 29. Rd3 Ne6 30. Rg3 Rd8 1/2-1/2

[Event "Can Ninetes op 11th"]
[Site "Can Ninetes"]
[Date "2016.08.01"]
[Round "7"]
[White "Olivas Montoya, Albert"]
[Black "Salomon Emmanuel, Yves"]
[Result "1-0"]
[WhiteElo "1777"]
[BlackElo "1638"]
[PlyCount "25"]
[EventDate "2016.08.01"]
[EventType "swiss"]
[EventRounds "9"]
[EventCountry "ESP"]
[SourceTitle "CBM 173 Extra"]
[Source "ChessBase"]
[SourceDate "2016.08.29"]
[SourceVersion "1"]
[SourceVersionDate "2016.08.29"]
[SourceQuality "1"]

1. e4 c5 2. Nf3 d6 3. d4 cxd4 4. Nxd4 Nf6 5. Nc3 a6 6. Bg5 e6 7. f4 Be7 8. Qf3 Nbd7 9. 0-0-0 0-0 10. g4 Rb8 11. h4 b5 12. Nc6 Qa5 13. Nxa5 1-0

[Event "Can Ninetes op 11th"]
[Site "Can Ninetes"]
[Date "2016.08.01"]
[Round "6"]
[White "Ruiz Gonzalez, Jorge"]
[Black "Olivas Montoya, Albert"]
[Result "1/2-1/2"]
[WhiteElo "1555"]
[BlackElo "1777"]
[PlyCount "37"]
[EventDate "2016.08.01"]
[EventType "swiss"]
[EventRounds "9"]
[EventCountry "ESP"]
[SourceTitle "CBM 173 Extra"]
[Source "ChessBase"]
[SourceDate "2016.08.29"]
[SourceVersion "1"]
[SourceVersionDate "2016.08.29"]
[SourceQuality "1"]

1. d4 Nf6 2. c4 g6 3. Nc3 Bg7 4. e4 d6 5. Nf3 0-0 6. Be2 e5 7. 0-0 Nc6 8. d5 Ne7 9. b4 Nd7 10. Ba3 f5 11. Nd2 Nf6 12. f3 f4 13. c5 g5 14. Nc4 h5 15. b5 Ne8 16. b6 axb6 17. cxb6 cxb6 18. Rb1 Rf6 19. Qb3 1/2-1/2

[Event "Barcelona Sant Marti op-B 18th"]
[Site "Barcelona"]
[Date "2016.07.18"]
[Round "6.37"]
[White "Pascual Duran, Pau"]
[Black "Olivas Montoya, Albert"]
[Result "0-1"]
[WhiteElo "1480"]
[BlackElo "1746"]
[PlyCount "78"]
[EventDate "2016.07.13"]
[EventType "swiss"]
[EventRounds "9"]
[EventCountry "ESP"]
[SourceTitle "EXT 2024"]
[Source "ChessBase"]
[SourceDate "2023.10.10"]
[SourceVersion "1"]
[SourceVersionDate "2023.10.10"]
[SourceQuality "1"]

1. e4 e6 2. d4 d5 3. e5 c5 4. c3 Qb6 5. Nf3 Nc6 6. a3 Bd7 7. b4 c4 8. Nbd2 a5 9. Bb2 Nge7 10. Bxc4 Ng6 11. Bb3 Be7 12. 0-0 0-0 13. Ne1 f6 14. f4 fxe5 15. fxe5 Ncxe5 16. Ndf3 Bb5 17. Rf2 Ng4 18. Rd2 Bg5 19. a4 Be3+ 20. Kh1 Bc4 21. Bxc4 dxc4 22. Qe2 Nf2+ 23. Kg1 Ng4+ 24. Kh1 Nf4 25. Qd1 Bxd2 26. Qxd2 Nd5 27. h3 Ngf6 28. Nc2 Qc7 29. Ne5 Ne4 30. Qe1 Nf2+ 31. Kg1 Qe7 32. Bc1 Nd3 33. Qg3 N5f4 34. Bxf4 Nxf4 35. Re1 Qd6 36. Re4 Ng6 37. Rg4 Nxe5 38. Rxg7+ Kh8 39. Rxb7 Nf3+ 0-1

[Event "Catalunya-ch Previa"]
[Site "Girona"]
[Date "2016.01.30"]
[Round "6.1"]
[White "Olivas Montoya, Albert"]
[Black "Rovira Vila, Jaume"]
[Result "0-1"]
[WhiteElo "1778"]
[BlackElo "2060"]
[PlyCount "38"]
[EventDate "2016.01.16"]
[EventType "swiss"]
[EventRounds "5"]
[EventCountry "ESP"]
[SourceTitle "EXT 2024"]
[Source "ChessBase"]
[SourceDate "2023.10.10"]
[SourceVersion "1"]
[SourceVersionDate "2023.10.10"]
[SourceQuality "1"]

1. e4 c5 2. Nf3 g6 3. d4 cxd4 4. Nxd4 Nc6 5. Be3 Bg7 6. Nc3 Nf6 7. Bc4 0-0 8. 0-0 Nxe4 9. Nxe4 d5 10. Bxd5 Qxd5 11. Nxc6 Qxc6 12. Nc3 Bf5 13. Bd2 Rfd8 14. Rc1 Bh6 15. f4 e5 16. Ne2 Bg4 17. Qe1 Qe4 18. Rf2 exf4 19. Nxf4 Qxe1+ 0-1

[Event "Mataro op 12th"]
[Site "Mataro"]
[Date "2015.10.31"]
[Round "5.10"]
[White "Olivas Montoya, Albert"]
[Black "Robert Sancho, Albert"]
[Result "1-0"]
[WhiteElo "1634"]
[BlackElo "1782"]
[PlyCount "103"]
[EventDate "2015.10.03"]
[EventType "swiss"]
[EventRounds "9"]
[EventCountry "ESP"]
[SourceTitle "EXT 2024"]
[Source "ChessBase"]
[SourceDate "2023.10.10"]
[SourceVersion "1"]
[SourceVersionDate "2023.10.10"]
[SourceQuality "1"]

1. d4 d5 2. c4 Nf6 3. Nc3 e6 4. cxd5 exd5 5. Bg5 c6 6. e3 Nbd7 7. Nf3 Be7 8. Qc2 Qa5 9. Bd3 h6 10. Bf4 Nh5 11. Be5 Nxe5 12. Nxe5 Nf6 13. Bg6 Be6 14. Bd3 Nd7 15. Nxd7 Bxd7 16. 0-0 0-0 17. Rfe1 Qc7 18. Nxd5 Qd6 19. Nxe7+ Qxe7 20. Rad1 Qg5 21. e4 Bg4 22. Be2 Bh3 23. Bf1 Bg4 24. Rd3 Qh5 25. Rg3 Kh8 26. h3 Be6 27. Qc3 f6 28. b3 Rac8 29. Qb2 Rc7 30. Rge3 Rcf7 31. e5 Bd5 32. e6 Re7 33. Qa3 Rfe8 34. Bc4 a6 35. Qc5 Qf5 36. Bxd5 cxd5 37. Rf3 Qg5 38. Rg3 Qd2 39. Rge3 Qxa2 40. Qxd5 Qa3 41. Qc4 b5 42. Qd3 Qd6 43. d5 Rd8 44. Re4 b4 45. Rd1 Rc8 46. Rc4 Rd8 47. Rc6 Qb8 48. Rxa6 Qb7 49. Rc6 Qxc6 50. dxc6 Rxd3 51. Rxd3 Rxe6 52. c7 1-0